Normal view
MARC view
- MAJ FAHIM BARLAS
Entry Personal Name
001 - CONTROL NUMBER
- control field: 72885
003 - CONTROL NUMBER IDENTIFIER
- control field: NUST
005 - DATE AND TIME OF LATEST TRANSACTION
- control field: 20210628204933.0
008 - FIXED-LENGTH DATA ELEMENTS
- fixed length control field: 210628|| aca||aabn | a|a d
040 ## - CATALOGING SOURCE
- Original cataloging agency: NUST
- Transcribing agency: NUST
100 ## - HEADING--PERSONAL NAME
- Personal name: MAJ FAHIM BARLAS
670 ## - SOURCE DATA FOUND
- Source citation: Work cat.: (NUST): MAJ FAHIM BARLAS, , TH-SOF-0628-KINEMATIC ANALYSIS OF ACTIVE FLAPPING AND PITCHING MECHANISM FOR ORNITHOPTERS.PDF, 2018
